00478nam a2200157Ia 4500003000900000008004100009020001800050040001600068080002300084100002100107245009600128260003900224300001600263650001400279650002700293IN-BaIIA211028s9999 xx 000 0 eng d a81-7167-669-3 cIIA Library a92:5.007(038)bCHA aChattopadhyay, A 0aBiographical dictionary of Indian scientistsbfrom acient to contemporarycA. Chattopadhyay aNew DelhibRupa Publicationsc2002 axii, 1597p. aBiography aDictionary- Scientists